Представление документа в формате MARC21

Поле Инд. ПП Название Значение
Тип записи a
Библиографический уровень b
001 Контрольный номер aea8fed447ec4cd3b92afa7111f270c8
005 Дата корректировки 20241202144932.1
024 80 a Стандартный номер 10.56304/S2079562924050257
040 a Служба первич. каталог. РИНЦ
b Код языка каталог. rus
041 0_ a Код языка текста rus
097 a Василенко М.А.
100 1_ a Автор Колокольчиков С. Д.
100 1_ a Автор Аксентьев А. Е.
100 1_ a Автор Сеничев Ю. В.
100 1_ a Автор Ладыгин В. П.
c Титул (звания) старший научный сотрудник; доктор физико-математическх наук; профессор (должность);
i Z2021_04
k Кафедра фундаментальных проблем физики микромира; Инженерно-физический институт
q Полное имя Ладыгин Владимир Петрович
u Дополнение Ладыгин В. П.
100 1_ a Автор Сыресин Е. М.
c Титул (звания) профессор (ученое звание); доктор физико-математических наук; профессор (должность);
i 100093139
g Прочие сведения РИНЦ AuthorID: 34889 (http://elibrary.ru/author_profile.asp?id= 34889); Scopus Author ID: 7003961220 (https://www.scopus.com/authid/detail.uri?authorId=7003961220)
k Кафедра фундаментальных проблем физики микромира; Инженерно-физический институт
q Полное имя Сыресин Евгений Михайлович
u Дополнение Сыресин Е. М.; Syresin Evgeny M.
245 10 a Заглавие Проектирование каналов Bypass в ускорительном комплексе NICA для экспериментов с поляризованными пучками по поиску ЭДМ
773 18 t Название источника Ядерная физика и инжиниринг
b Сведения об издании Международная академическая издательская компания "Наука/Интерпериодика"
c Москва
d Место и дата издания 2024
m Специф. данные входит в ядро РИНЦ; журнал из перечня ВАК; ненулевой импакт-фактор
g Прочая информация Т. 15. - № 5. - С. 457 - 463
q ВАК 2023
o Прочие индексы РИНЦ 0.144
x ISSN 2079-5629; 2079-5637 (онлайн версия)
w Контрольный № источника b72d712f9a574241ab3f6302b4ed632e
856 40 u URL https://elibrary.ru/item.asp?id=68520266
901 t Тип документа b
952 c Вид литературы статья в журнале